|
|
|
|
| LEADER |
01041cam a2200253 7i4500 |
| 001 |
0000073177 |
| 005 |
20230307090000.0 |
| 020 |
|
|
|a 9781003227342 (electronic book)
|
| 090 |
0 |
0 |
|a PE1074.7
|b .S222 2023
|
| 245 |
0 |
0 |
|a Social and regional variation in world Englishes :
|b local and global perspectives
|c edited by Paula Rautionaho [and three others].
|
| 264 |
|
|
|a New York, NY:
|b Routledge,
|c 2023.
|
| 300 |
|
|
|a 1 online resource (219 pages):
|b illustrations, text file, PDF.
|
| 336 |
|
|
|a text
|2 rdacontent
|
| 337 |
|
|
|a computer
|2 rdamedia
|
| 338 |
|
|
|a online resource
|2 rdacarrier
|
| 490 |
0 |
|
|a Routledge studies in sociolinguistics
|
| 650 |
|
0 |
|a English language --
|x Variation
|
| 650 |
|
0 |
|a English language --
|x Social aspects
|
| 655 |
|
0 |
|a Electronic books
|
| 700 |
1 |
|
|a Rautionaho, Paula
|
| 856 |
4 |
2 |
|u http://library.unisel.edu.my/web/guest/mylibrary
|
| 997 |
|
|
|a Education & Social Sciences, Faculty
|b Language Education, Department
|
| 998 |
|
|
|a English in Industries, Degree
|
| 999 |
|
|
|a EBO0016185
|b EBOOK
|c EBOOK
|e Electronic resources
|